Conflict Resolution in the Twenty-First Century : (Record no. 16544)
[ view plain ]
| 000 -LEADER | |
|---|---|
| fixed length control field | 01863cam a2200337 a 4500 |
| 001 - CONTROL NUMBER | |
| control field | 15688322 |
| 005 - DATE AND TIME OF LATEST TRANSACTION | |
| control field | 20100319154917.0 |
| 008 - FIXED-LENGTH DATA ELEMENTS--GENERAL INFORMATION | |
| fixed length control field | 090406s2009 miua b s001 0 eng |
| 020 ## - INTERNATIONAL STANDARD BOOK NUMBER | |
| International Standard Book Number | 0472070622 (cloth : alk. paper) |
| 020 ## - INTERNATIONAL STANDARD BOOK NUMBER | |
| International Standard Book Number | 9780472070626 (cloth : alk. paper) |
| 020 ## - INTERNATIONAL STANDARD BOOK NUMBER | |
| International Standard Book Number | 0472050621 (pbk. : alk. paper) |
| 020 ## - INTERNATIONAL STANDARD BOOK NUMBER | |
| International Standard Book Number | 9780472050628 (pbk. : alk. paper) |
| 040 ## - CATALOGING SOURCE | |
| Original cataloging agency | DLC |
| Transcribing agency | DLC |
| Modifying agency | YDX |
| -- | BTCTA |
| -- | YDXCP |
| -- | CDX |
| -- | BWX |
| -- | DLC |
| 082 00 - DEWEY DECIMAL CLASSIFICATION NUMBER | |
| Classification number | 327.172 |
| Edition number | 22 |
| Item number | BER |
| 100 1# - MAIN ENTRY--PERSONAL NAME | |
| Personal name | Bercovitch, Jacob. |
| 9 (RLIN) | 29215 |
| 245 10 - TITLE STATEMENT | |
| Title | Conflict Resolution in the Twenty-First Century : |
| Remainder of title | Principles, Methods, and Approaches / |
| Statement of responsibility, etc | Jacob Bercovitch and Richard Jackson. |
| 260 ## - PUBLICATION, DISTRIBUTION, ETC. (IMPRINT) | |
| Place of publication, distribution, etc | Ann Arbor : |
| Name of publisher, distributor, etc | University of Michigan Press, |
| Date of publication, distribution, etc | c2009. |
| 300 ## - PHYSICAL DESCRIPTION | |
| Extent | xi, 226 p. : |
| Other physical details | ill. ; |
| Dimensions | 29 cm. |
| 504 ## - BIBLIOGRAPHY, ETC. NOTE | |
| Bibliography, etc | Includes bibliographical references and index. |
| 650 #0 - SUBJECT ADDED ENTRY--TOPICAL TERM | |
| Topical term or geographic name as entry element | Conflict management. |
| 9 (RLIN) | 29216 |
| 650 #0 - SUBJECT ADDED ENTRY--TOPICAL TERM | |
| Topical term or geographic name as entry element | Conflict management |
| General subdivision | International cooperation. |
| 9 (RLIN) | 29217 |
| 650 #0 - SUBJECT ADDED ENTRY--TOPICAL TERM | |
| Topical term or geographic name as entry element | Pacific settlement of international disputes. |
| 9 (RLIN) | 29218 |
| 653 ## - INDEX TERM--UNCONTROLLED | |
| Resource For college | |
| Arrived date list | March2012 |
| 700 1# - ADDED ENTRY--PERSONAL NAME | |
| Personal name | Jackson, Richard, |
| Dates associated with a name | 1966- |
| 9 (RLIN) | 29219 |
| 942 ## - ADDED ENTRY ELEMENTS (KOHA) | |
| Source of classification or shelving scheme | Dewey Decimal Classification |
| Item type | Book - Borrowing |
| Withdrawn status | Item status | Source of classification or shelving scheme | Damaged status | Not for loan | Vendor | Home library | Current library | Shelving location | Date acquired | Source of acquisition | Total Checkouts | Total Renewals | Full call number | Barcode | Date last seen | Date last borrowed | Koha item type |
|---|---|---|---|---|---|---|---|---|---|---|---|---|---|---|---|---|---|
| Dewey Decimal Classification | Baccah | Central Library | Central Library | First floor | 05/03/2012 | 11 | 95 | 327.172 BER | 000026316 | 15/07/2025 | 16/03/2023 | Book - Borrowing | |||||
| Dewey Decimal Classification | Baccah | Central Library | Central Library | First floor | 05/03/2012 | 10 | 51 | 327.172 BER | 000026318 | 15/07/2025 | 16/03/2023 | Book - Borrowing | |||||
| Dewey Decimal Classification | Baccah | Central Library | Central Library | First floor | 05/03/2012 | 9 | 55 | 327.172 BER | 000026317 | 15/07/2025 | 27/02/2022 | Book - Borrowing | |||||
| Dewey Decimal Classification | Baccah | Central Library | Central Library | First floor | 05/03/2012 | 10 | 49 | 327.172 BER | 000026319 | 15/07/2025 | 02/05/2017 | Book - Borrowing |